000 00426cam a2200145 a 4500
020 _a9789744801012
040 _cDLC
082 _a633 WHI 2007 A053 Co.
100 1 _aSlocomb, Margaret.
245 1 0 _aColons and coolies :
_bthe development of Cambodia's rubber plantations /
260 _aBangkok :
_bWhite Lotus Press,
_cc2007.
300 _axii, 180 p. :
_bill., map ;
_c21 cm.
650 0 _aRubber plantations
942 _cEK
999 _c15033
_d15033